000 00627nam a2200205Ia 4500
008 100315s9999 xx 000 0 und d
082 _b213 
_a658.5 
100 _a"Miller, Elmo J., Blood, Jerone W. "
245 _aMODERN MAINTENANCE MANAGEMENT
260 _aMumbai 
_bTARAPOREVALA  
_c1971 
300 _a144p. 
365 _eRupees 
_d
_b6.00 
366 _f
505 _gTushar Jadhav 
530 _b-  
620 _a"Organizing Maintenance Operations, Preparing the Maintenance Budget "
630 _aMODERN MAINTENANCE MANAGEMENT
730 _aMODERN MAINTENANCE MANAGEMENT
942 _cBOOK
999 _c474948
_d474945